Momentum : (Record no. 192696)
[ view plain ]
| 000 -LEADER | |
|---|---|
| campo de control de longitud fija | 01765nam a2200457 i 4500 |
| 001 - NÚMERO DE CONTROL | |
| campo de control | 192696 |
| 003 - IDENTIFICADOR DE NÚMERO DE CONTROL | |
| campo de control | SpMaBN |
| 005 - FECHA Y HORA DE LA ÚLTIMA TRANSACCIÓN | |
| campo de control | 20250603184616.0 |
| 008 - DATOS DE LONGITUD FIJA--INFORMACIÓN GENERAL | |
| campo de control de longitud fija | 230512s2015 sp | |||| 000 0 spa |
| 017 ## - NÚMERO DE COPYRIGHT O DE DEPÓSITO LEGAL | |
| Número de copyright o de depósito legal | B 2042-2015 |
| Agencia que asigna | Oficina Depósito Legal Barcelona |
| 020 ## - NÚMERO INTERNACIONAL ESTÁNDAR DEL LIBRO | |
| Número Internacional Estándar del Libro | 9788498886382 |
| 035 ## - NÚMERO DE CONTROL DEL SISTEMA | |
| Número de control de sistema | (OCoLC)904278597 |
| 040 ## - FUENTE DE CATALOGACIÓN | |
| Centro catalogador/agencia de origen | SpMaBN |
| Lengua de catalogación | spa |
| Centro/agencia transcriptor | ES-MaACL |
| Normas de descripción | rda |
| 080 ## - NÚMERO DE LA CLASIFICACIÓN DECIMAL UNIVERSAL | |
| Número de la Clasificación Decimal Universal | 329.055.4(460) |
| 080 ## - NÚMERO DE LA CLASIFICACIÓN DECIMAL UNIVERSAL | |
| Número de la Clasificación Decimal Universal | 929(460)"19":32(047.53) |
| 080 ## - NÚMERO DE LA CLASIFICACIÓN DECIMAL UNIVERSAL | |
| Número de la Clasificación Decimal Universal | 32(460)"2011/..." |
| 100 1# - ENTRADA PRINCIPAL--NOMBRE DE PERSONA | |
| Nombre de persona | Osuna, Orencio, |
| Término indicativo de función/relación | Entrevistador |
| 9 (RLIN) | 176573 |
| 245 10 - MENCIÓN DEL TÍTULO | |
| Título | Momentum : |
| Resto del título | entrevistas a Pablo Iglesias, Ada Colau, Alberto Garzón y David Fernàndez / |
| Mención de responsabilidad, etc. | Orencio Osuna ; [prólogo de Enric Juliana ; epílogo de Juan Carlos Monedero] |
| 250 ## - MENCION DE EDICION | |
| Mención de edición | Primera edición: enero de 2015 |
| 260 ## - PUBLICACIÓN, DISTRIBUCIÓN, ETC. | |
| Lugar de publicación, distribución, etc. | Barcelona : |
| Nombre del editor, distribuidor, etc. | Icaria, |
| Fecha de publicación, distribución, etc. | 2015 |
| 300 ## - DESCRIPCIÓN FÍSICA | |
| Extensión | 167 páginas ; |
| Dimensiones | 21 cm |
| 336 ## - TIPO DE CONTENIDO | |
| Término de tipo de contenido | Texto (visual) |
| Fuente | rdacontent |
| 337 ## - TIPO DE MEDIO | |
| Nombre/término del tipo de medio | sin mediación |
| Fuente | rdamedia |
| 338 ## - TIPO DE SOPORTE | |
| Fuente | volumen |
| Nombre/término del tipo de soporte | rdacarrier |
| 490 1# - MENCIÓN DE SERIE | |
| Mención de serie | Icaria más madera ; |
| Designación de volumen o secuencia | 115 |
| 500 ## - NOTA GENERAL | |
| Nota general | Índice |
| 650 #4 - PUNTO DE ACCESO ADICIONAL DE MATERIA--TÉRMINO DE MATERIA | |
| Término de materia o nombre geográfico como elemento de entrada | Izquierda (Política)- |
| Subdivisión geográfica | España |
| 9 (RLIN) | 13926 |
| 650 #4 - PUNTO DE ACCESO ADICIONAL DE MATERIA--TÉRMINO DE MATERIA | |
| Término de materia o nombre geográfico como elemento de entrada | Políticos- |
| Subdivisión geográfica | España- |
| Subdivisión de forma | Entrevistas |
| Fuente del encabezamiento o término | embne |
| 9 (RLIN) | 16314 |
| 651 #7 - PUNTO DE ACCESO ADICIONAL DE MATERIA--NOMBRE GEOGRÁFICO | |
| Nombre geográfico | España- |
| Subdivisión general | Política y gobierno- |
| Subdivisión cronológica | 2011- |
| Fuente del encabezamiento o término | |
| 9 (RLIN) | 154170 |
| 700 1# - ENTRADA AGREGADA--NOMBRE PERSONAL | |
| Nombre de persona | Iglesias Turrión, Pablo, |
| Fechas asociadas al nombre | 1978- |
| Término indicativo de función/relación | Entrevistado |
| 9 (RLIN) | 156370 |
| 700 1# - ENTRADA AGREGADA--NOMBRE PERSONAL | |
| Nombre de persona | Colau, Ada, |
| Fechas asociadas al nombre | 1974- |
| 9 (RLIN) | 193717 |
| Término indicativo de función/relación | Entrevistado |
| 700 1# - ENTRADA AGREGADA--NOMBRE PERSONAL | |
| Nombre de persona | Garzón Espinosa, Alberto, |
| Fechas asociadas al nombre | 1985- |
| 9 (RLIN) | 193718 |
| Término indicativo de función/relación | Entrevistado |
| 700 1# - ENTRADA AGREGADA--NOMBRE PERSONAL | |
| Nombre de persona | Fernández Blázquez, David |
| 9 (RLIN) | 193719 |
| Término indicativo de función/relación | Entrevistado |
| 700 1# - ENTRADA AGREGADA--NOMBRE PERSONAL | |
| Nombre de persona | Juliana, Enric |
| 9 (RLIN) | 147682 |
| Término indicativo de función/relación | Autor de introducción |
| 700 1# - ENTRADA AGREGADA--NOMBRE PERSONAL | |
| Nombre de persona | Monedero, Juan Carlos, |
| Fechas asociadas al nombre | 1963- |
| Término indicativo de función/relación | Autor de epílogo, colofón, etc. |
| 9 (RLIN) | 235361 |
| 830 #0 - PUNTO DE ACCESO ADICIONAL DE SERIE-TÍTULO UNIFORME | |
| 9 (RLIN) | 176572 |
| Título uniforme | Icaria más madera ; |
| Designación de volumen o secuencia | 115 |
| 852 ## - LOCALIZACIÓN | |
| Ubicación | ES-MaACL |
| Sublocalización o colección | R.152194 |
| Ubicación en estantería | Depósito J |
| Donativo/Legado | Donación: Editorial |
| Número de control de estantería | N-8328 |
| itemnumber | 199992 |
| 942 ## - ELEMENTOS DE ENTRADA SECUNDARIOS (KOHA) | |
| Tipo de ítem Koha | Libro impreso |
| Suprimir en OPAC | No |
| Estatus retirado | Estado de pérdida | Fuente del sistema de clasificación o colocación | Estado de daño | No para préstamo | Biblioteca de origen | Biblioteca actual | Ubicación en estantería | Fecha de adquisición | Fuente de adquisición | Total de préstamos | Signatura topográfica completa | Código de barras | Visto por última vez | Tipo de ítem Koha |
|---|---|---|---|---|---|---|---|---|---|---|---|---|---|---|
| Clasificación decimal universal | Biblioteca del Ateneo de Madrid | Biblioteca del Ateneo de Madrid | Depósito J | 12/05/2023 | Donación | N-8328 | 101205283 | 12/05/2023 | Libro impreso |
